Stumble Guys: Banana Skins - Statistics

General Stats
  • This quiz has been taken 180 times
    158 since last reset
  • The average score is 6 of 9
Answer Stats
Picture Answer % Correct
Golden Banana
98%
Super Banana
89%
Diamond Banana
85%
Banana Guy
83%
Obsidian Darkpeel
62%
Darkpeel
54%
Unpeeled
46%
Splitz
36%
Peel Out
32%
No matching quizzes found
Score Distribution
Percent of People with Each Score
Percentile by Number Answered
Your Score History
You have not taken this quiz since the last reset